| 000 | 00427pab a2200169 454500 | ||
|---|---|---|---|
| 008 | 180718b1970 xxu||||| |||| 00| 0 eng d | ||
| 100 | _aSivaraman, B. | ||
| 245 | _aAgriculture: State-union relations | ||
| 260 | _c1970 | ||
| 300 | _ap.341-351. | ||
| 362 | _aJul-Sep | ||
| 650 | _aAgriculture | ||
| 650 | _aFederal state relations | ||
| 773 | _aIndian Journal of Public Administration | ||
| 908 | _aN | ||
| 909 | _a100040 | ||
| 999 |
_c100039 _d100039 |
||